000 00370nam a2200145 i 4500
001 bg
100 1 _aPISKORSKI, Ryszard.
245 0 _aZbiór zadań z wytrzymałości materiałów /
_cR. Piskorski, K. Trębacki.
260 _aGdańsk,
_c1985.
700 1 _aTRĘBACKI, K.
040 _cBPK
041 _apol
942 _cKS
008 s pl f |000 0 pol
999 _c2444
_d2444
856 _uhttp://koha.tu.koszalin.pl/cgi-bin/koha/opac-detail.pl?biblionumber=2444
_yKatalog online BPK